Esquisses pour un portrait de la culture Vietnamienne

Ce livre est commencé par une collection d'"Instantanés culturels" comme pérégrinations, le village traditionnel, festivités, bêtes et plantes, plats et boissons, famille et société, culture et art, mythes et histoire, spiritualité. Ensuite, c'est une "Introduction...

Description complète

Enregistré dans:
Détails bibliographiques
Auteur principal: Hữu Ngọc
Format: Livre
Langue:Undetermined
Publié: Hà Nội Thế Giới 1997
Sujets:
Tags: Ajouter un tag
Pas de tags, Soyez le premier à ajouter un tag!
Thư viện lưu trữ: Trung tâm Học liệu Trường Đại học Cần Thơ
LEADER 01446nam a2200217Ia 4500
001 CTU_27007
008 210402s9999 xx 000 0 und d
020 |b 494.000đ 
082 |a 306.09597 
082 |b H656 
100 |a Hữu Ngọc 
245 0 |a Esquisses pour un portrait de la culture Vietnamienne 
245 0 |c Hữu Ngọc 
260 |a Hà Nội 
260 |b Thế Giới 
260 |c 1997 
520 |a Ce livre est commencé par une collection d'"Instantanés culturels" comme pérégrinations, le village traditionnel, festivités, bêtes et plantes, plats et boissons, famille et société, culture et art, mythes et histoire, spiritualité. Ensuite, c'est une "Introduction sommaire à la culture Vietnamienne". Elle se propose d'esquisser l'évolution de la culture traditionnelle jusqu'à la Révolution de 1945 et d'en dégager les principales caractéristiques ainsi que les lignes de force majeures. Enfin, la troisième partie du livre ("Mélanges") constitue une dossier sur différents sujets: littérature populaire, mythes et légendes, contes égrillards, proverbes, chansons populaires, devinettes, femme et poésie, échantillons de littérature classique, et francophonie 
650 |a folk literature, vietnamese,vietnam,vietnam 
650 |x intellectual life,social life and customs 
904 |i Minh, 981024 
980 |a Trung tâm Học liệu Trường Đại học Cần Thơ